Minecraft Soundtrack (2025) - Statistics

General Stats
  • This quiz has been taken 9 times
  • The average score is 66 of 99
Answer Stats
Hint Answer % Correct
Caves and Cliffs Update Otherside
100%
Nether Update Pigstep (Mono Mix)
100%
Nether Update Pigstep (Stereo Mix)
100%
Trails and Tails Update Relic
100%
Volume Beta Aria Math
86%
Volume Alpha Cat
86%
Volume Beta Chirp
86%
Volume Alpha Dry Hands
86%
Volume Beta Mall
86%
Volume Beta Mellohi
86%
Volume Beta Stal
86%
Volume Alpha Sweden
86%
Chase the Skies Tears
86%
Volume Alpha Wet Hands
86%
Volume Beta Alpha
71%
Caves and Cliffs Update Ancestry
71%
Single Axolotl
71%
Volume Beta Ballad of the Cats
71%
Volume Alpha Beginning
71%
Volume Beta Biome Fest
71%
Volume Beta Blind Spots
71%
Volume Beta Blocks
71%
Nether Update Chrysopoeia
71%
Volume Alpha Clark
71%
Volume Beta Concrete Halls
71%
Volume Alpha Danny
71%
Volume Beta Dead Voxel
71%
Single Dragonfish
71%
Volume Beta Dreiton
71%
Volume Beta Eleven
71%
Volume Beta Far
71%
The Wild Update Five
71%
Volume Beta Flake
71%
Volume Beta Floating Trees
71%
Volume Alpha Haggstrom
71%
Caves and Cliffs Update Infinite Amethyst
71%
Volume Alpha Key
71%
Volume Beta Kyoto
71%
Caves and Cliffs Update Left to Bloom
71%
Volume Alpha Living Mice
71%
Volume Alpha Mice on Venus
71%
Volume Alpha Minecraft
71%
Volume Alpha Moog City
71%
Caves and Cliffs Update One More Day
71%
Volume Alpha Oxygene
71%
Nether Update Rubedo
71%
Single Shuniji
71%
Nether Update So Below
71%
Volume Beta Strad
71%
Volume Alpha Subwoofer Lullaby
71%
Volume Beta Taswell
71%
Volume Beta The End
71%
Volume Alpha Thirteen
71%
Volume Beta Wait
71%
Volume Beta Ward
71%
The Wild Update Aerie
57%
Trails and Tails Update A Familiar Room
57%
Caves and Cliffs Update An Ordinary Day
57%
Volume Beta Beginning 2
57%
Chase the Skies Below and Above
57%
Chase the Skies Broken Clocks
57%
Trails and Tails Update Bromeliad
57%
Caves and Cliffs Update Comforting Memories
57%
Tricky Trials Update Creator
57%
Tricky Trials Update Creator (Music Box Version)
57%
Volume Alpha Death
57%
Tricky Trials Update Deeper
57%
Volume Alpha Dog
57%
Volume Alpha Door
57%
Volume Alpha Droopy Likes Ricochet
57%
Volume Alpha Droopy Likes Your Face
57%
Trails and Tails Update Echo in the Wind
57%
Tricky Trials Update Eld Unknown
57%
Tricky Trials Update Endless
57%
Volume Alpha Equinoxe
57%
Tricky Trials Update Featherfall
57%
The Wild Update Firebugs
57%
Chase the Skies Fireflies
57%
Caves and Cliffs Update Floating Dream
57%
Volume Beta Haunt Muskie
57%
Volume Beta Ki
57%
Tricky Trials Update komorebi
57%
The Wild Update Labyrinthine
57%
Chase the Skies Lilypad
57%
Volume Beta Moog City 2
57%
Volume Beta Mutation
57%
Chase the Skies O's Piano
57%
Tricky Trials Update pokopoko
57%
Tricky Trials Update Precipice
57%
Tricky Trials Update Puzzlebox
57%
Caves and Cliffs Update Stand Tall
57%
Volume Beta Warmth
57%
Tricky Trials Update Watcher
57%
Caves and Cliffs Update Wending
57%
Tricky Trials Update yakusoku
57%
Volume Alpha Chris
43%
Trails and Tails Update Cresent Dunes
43%
Volume Alpha Excuse
43%
Volume Beta Intro
29%
No matching quizzes found
Score Distribution
Percent of People with Each Score
Percentile by Number Answered
Your Score History
You have not taken this quiz